000 00442nam a2200181Ia 4500
001 511
005 20260306140523.0
008 260306t1994||||xx |||||||||||||| ||spa||
041 _aESP
082 _a121.3
_bM88
100 _aMoya Cañas, Patricia
_eAUT
245 0 _aEl principio del conocimiento en Tomás de Aquino
260 _c1994
300 _a289 páginas :
_c22 cm.
650 _aGEN
654 _aCHU
942 _cLIB
_dJUS
_fJUS
_2ddc
_n
999 _c511
_d511